Biblioteca

A textual commentary on the greek New Testament / Bruce M. Metzger (Registro nro. 44652)

Detalles MARC
000 -LÍDER
Campo fijo de descripción fija 005140000a22001690004500
020 ## - NÚMERO INTERNACIONAL NORMALIZADO PARA LIBROS
Número Internacional Normalizado del libro 978-3-438-06010-5
082 04 - NÚMERO DE CLASIFICACIÓN DECIMAL DEWEY
Número de clasificación R 225.48 M5964t
001 - NÚMERO DE CONTROL
Campo de control 18181
100 1# - ASIENTO PRINCIPAL--NOMBRE PERSONAL
Nombre personal Metzger, Bruce Manning
245 10 - TÍTULO
Título del Material A textual commentary on the greek New Testament / Bruce M. Metzger
250 ## - MENCIÓN DE EDICIÓN
Mención de edición 2 ed., (4a)Revisión
260 ## - PUBLICACIÓN, DISTRIBUCIÓN, ETC. (PIE DE IMPRENTA)
Lugar de publicación, distribución, etc. Stuttgart, Alemania : Deutsche Bibelgesellschaft
300 ## - DESCRIPCIÓN FÍSICA
Extensión 696 p.
501 ## - NOTA DE “CON”
Nota de Contenido pasta dura
650 14 - ASIENTO SECUNDARIO DE MATERIA - TERMINO TEMÁTICO
Término temático o nombre geográfico como elemento de entrada GRIEGO BIBLICO - COMENTARIOS \ BIBLIA N.T. - GRIEGO - COMENTARIOS
942 ## - TIPO DE MATERIAL (KOHA)
Tipo de Item KOHA Libros General
Existencias
Estado de Material Estado de Perdido Estado de Dañado No para Préstamo Colección Tomo Biblioteca de Origen Biblioteca Permanente Fecha de Adquisición Total de Préstamos Signatura Topográfica Código de Barras Última vez visto Ejemplar/Existencia Fecha de Remplazo Tipo de Material
        Colección de Referencia   Biblioteca FUSBC Biblioteca FUSBC 28/03/2014   R 225.48 M5964t 18148 04/08/2022 1 26/01/2016 Libros de Referencia

Biblioteca FUSBC | Teléfono: (57+4) 349 88 10 Ext. 141| WhatsApp (+57) 3005338115 
E-mail: biblioteca@unisbc.edu.co | Calle 76 87-14 Robledo Palenque, Medellín, Colombia

Con tecnología Koha